| 000 | 00898nam a2200229Ii 4500 | ||
|---|---|---|---|
| 003 | JO-AjNU | ||
| 008 | 230605s9999||||xx |||||||||||||| ||und|| | ||
| 017 | _a1999/12/2237 | ||
| 020 | _a9957-07-096-7 | ||
| 040 |
_aJO-AjNU _bara _erda _cJO-AjNU |
||
| 041 | _aara | ||
| 050 | 1 | 4 | _aHQ759.912. K82 2000 |
| 100 | 3 |
_aالكبيسي، راضي محمد , _eauthor _942163 |
|
| 245 | 0 | 0 | _aاتجاهات الابناء نحو آبائهم المعوقين |
| 250 | _aط1 | ||
| 264 | 3 | 1 | _aعمان: دار الفكر للطباعة والنشر والتوزيع،2000 |
| 300 |
_a180ص _bيحتوي على ببلوغرافية وملاحق من 149-180ص |
||
| 336 |
_atext _btxt _2rdacontent |
||
| 337 |
_aunmediated _bn _2rdamedia |
||
| 338 |
_avolume _bnc _2rdacarrier |
||
| 650 | 4 |
_aالمعوقون - رعاية اجتماعية - الاباء والابناء - علاقات اسرية _942164 |
|
| 999 |
_aA18033 _c21601 _d21601 |
||